Statistics for Most Visited Countries by Colombians

Click here to take the quiz!

General Stats

  • This quiz has been taken 689 times
  • The average score is 4 of 5

Answer Stats

No.touristsDestination% Correct
1,223,093United States
99%
495,579Venezuela
82%
320,301Ecuador
78%
405,727Panama
78%
194,311Spain
73%

Score Distribution

Percentile by Number Answered

Percent of People with Each Score

Your Score History

You have not taken this quiz